[Event "EU-ch Hybrid U10 Girls"]
[Site "Tornelo INT"]
[Date "2021.10.15"]
[Round "4"]
[White "Bashirli, Saadat"]
[Black "Gratskova, Anastasia"]
[Result "1-0"]
[WhiteElo "1284"]
[BlackElo "1313"]
[PlyCount "125"]
[EventDate "2021.10.15"]
[EventType "swiss"]
[EventRounds "9"]
[EventCountry "NET"]
[SourceTitle "EXT 2023"]
[Source "ChessBase"]
[SourceDate "2022.10.05"]
[SourceVersion "1"]
[SourceVersionDate "2022.10.05"]
[SourceQuality "1"]
[WhiteTeam "Azerbaijan"]
[BlackTeam "Russia"]
[WhiteTeamCountry "AZE"]
[BlackTeamCountry "RUS"]

1. e4 c5 2. Nf3 d6 3. Bb5+ Bd7 4. Bxd7+ Qxd7 5. c4 e5 6. Nc3 Nf6 7. d3 g6 8. Bg5 Bg7 9. 0-0 h6 10. Bxf6 Bxf6 11. Qd2 Bg7 12. a3 0-0 13. b4 b6 14. b5 f5 15. Nd5 Qd8 16. a4 Nd7 17. a5 Rf7 18. axb6 axb6 19. Rxa8 Qxa8 20. Qc3 Qb8 21. Ra1 Nf6 22. Nxf6+ Bxf6 23. Qa3 fxe4 24. dxe4 Kg7 25. Qa8 Qc7 26. Qd5 Qd7 27. h3 Bd8 28. Rd1 Rf6 29. Nxe5 Qe8 30. Ng4 Re6 31. f3 h5 32. Nf2 Qf7 33. Qc6 Qe7 34. Ra1 Rf6 35. Qa8 Rf7 36. Qd5 Rf6 37. Nd1 Qc7 38. Ne3 Rf7 39. Rd1 Be7 40. Qd3 Qa7 41. Nd5 Bd8 42. Qe3 Qb8 43. Kh1 Bf6 44. Nxf6 Rxf6 45. Qg5 Qc7 46. Qd5 Kh7 47. Ra1 Rf8 48. Qe6 Qg7 49. Rd1 Rf6 50. Qe8 Qc7 51. Re1 Rf7 52. Qe6 Re7 53. Qd5 Kg7 54. Rd1 Rd7 55. e5 Rd8 56. exd6 Qd7 57. Qc6 Qa7 58. d7 Qa4 59. Qd6 Kh6 60. Qd3 Qa8 61. Re1 Qa7 62. Qe3+ Kg7 63. Qe7+ 1-0